000
00190 a2200097 4500
001
7780
100
_a
Poliakiv, L
245
_a
Harvest of Hate
260
_a
_b
Elek
_c
090
_c
6234
_d
6234
942
_a
NUST-CAE
_c
32750
_c
M
999
_c
242853
_d
242853